Marauders Era (Canon & Fanon) - Statistics

General Stats
  • This quiz has been taken 1,162 times
  • The average score is 102 of 142
Answer Stats
Hint Answer % Correct
~ James... (Fleamont) Potter
99%
Love Interest(s) Lily Evans, Regulus Black
98%
Nickname Prongs
98%
Best Friend(s) Sirius Black, Remus Lupin, Peter Pettigrew, Marlene McKinnon
98%
Hogwarts House Gryffindor
97%
Animagus Form Dog
92%
Best Friend(s) James Potter, Remus Lupin, Peter Pettigrew, Mary Macdonald
92%
~ Sirius... (Orion) Black
92%
Hair Colour Black
91%
Hair Colour Black
91%
Hogwarts House Gryffindor
91%
Nickname Padfoot
91%
Brother Regulus Black
91%
Animagus Form Stag
91%
Cousins Bellatrix Black, Andromeda Black, Narcissa Black
90%
~ Remus... (John) Lupin
90%
Hogwarts House Gryffindor
89%
Best Friend(s) James Potter, Sirius Black, Peter Pettigrew, Lily Evans
89%
Nickname Moony
89%
Love Interest(s) Remus Lupin
89%
Magical Creature Werewolf
89%
Hogwarts House Gryffindor
88%
Best Friend(s) James Potter, Sirius Black, Remus Lupin
88%
Animagus Form Rat
88%
Hair Colour Brown
87%
Father Fleamont Potter
87%
~ Peter... Pettigrew
87%
Love Interest(s) Sirius Black, Grant Chapman
87%
~ Lily... Evans
86%
Hogwarts House Gryffindor
86%
Love Interest(s) James Potter, Mary Macdonald, Pandora Rosier
86%
Father Orion Black
86%
Nickname Wormtail
86%
Eye Colour Brown
85%
Quidditch Position Chaser
85%
Eye Colour Green
85%
Best Friend(s) Remus Lupin, Marlene McKinnon, Mary Macdonald
85%
Hogwarts House Gryffindor
84%
Sister Petunia Evans
84%
Hair Colour Red
84%
~ Regulus... (Arcturus) Black
83%
Hair Colour Black
83%
Best Friend(s) James Potter, Lily Evans, Mary Macdonald
83%
~ Marlene... McKinnon
83%
Brother Sirius Black
83%
Hogwarts House Slytherin
83%
Mother Walburga Black
83%
Cousins Bellatrix Black, Andromeda Black, Narcissa Black
82%
Hogwarts House Gryffindor
82%
Best Friend(s) Sirius Black, Lily Evans, Marlene McKinnon
82%
Best Friend(s) Barty Crouch Jr, Evan Rosier, Pandora Rosier, Dorcas Meadowes
81%
Mother Euphemia Potter
81%
Love Interest(s) James Potter, Barty Crouch Jr
81%
~ Mary... Macdonald
81%
Hogwarts House Slytherin / Ravenclaw
81%
Hair Colour Black / Brown
80%
Love Interest(s) Evan Rosier, Regulus Black
80%
Best Friend(s) Regulus Black, Evan Rosier, Pandora Rosier, Dorcas Meadowes
80%
~ Evan... Rosier
80%
Hogwarts House Slytherin
80%
Father Bartemius (Barty) Crouch Sr
79%
~ Bellatrix... Black / Lestrange
79%
~ Barty... Crouch Jr
79%
Father Orion Black
79%
Best Friend(s) Regulus Black, Barty Crouch Jr, Dorcas Meadowes
79%
Hogwarts House Slytherin
79%
Love Interest(s) Barty Crouch Jr
78%
Hair Colour Brown
78%
Hogwarts House Ravenclaw
78%
Hogwarts House Slytherin
78%
Hair Colour Black
77%
~ Andomeda... Black / Tonks
77%
Love Interest(s) Dorcas Meadowes
77%
Eye Colour Grey
77%
Quidditch Position Seeker
77%
Sisters Andromeda Black, Narcissa Black
76%
Hair Colour Black
76%
~ Narcissa... Black / Malfoy
76%
Hair Colour Blonde
76%
Sister Pandora Rosier
76%
Best Friend(s) Regulus Black, Barty Crouch Jr, Evan Rosier, Pandora Rosier
76%
~ Pandora... Rosier
76%
Cousins Sirius Black, Regulus Black
76%
Hogwarts House Slytherin
76%
Mother Walburga Black
76%
Hair Colour Blonde
75%
Brother Evan Rosier
75%
Best Friend(s) Regulus Black, Barty Crouch Jr, Dorcas Meadowes
75%
Cousins Sirius Black, Regulus Black
75%
Cousins Sirius Black, Regulus Black
75%
Hogwarts House Slytherin
75%
Hogwarts House Slytherin
75%
~ Snivellus... Snape
75%
Love Interest(s) Xenophilius Lovegood, Lily Evans
75%
Sisters Bellatrix Black, Andromeda Black
74%
Sisters Bellatrix Black, Narcissa Black
74%
Hair Colour Brown / Black
74%
Mother Hope Lupin
74%
Love Interest(s) Lily Evans, Emmeline Vance
74%
Love Interest(s) Lucius Malfoy, Alice Fortescue
74%
Love Interest(s) Marlene McKinnon
74%
Hair Colour (oily) Black
74%
Fancast(s) Andrew Garfield, Matt Hitt
73%
Love Interest(s) Lily Evans, Shampoo (doesn't have either)
73%
Father Lyall Lupin
73%
Quidditch Position Beater
72%
Hair Colour Blonde
72%
Hair Colour Blonde
72%
Eye Colour Grey
72%
~ Dorcas... Meadowes
72%
Love Interest(s) Ted Tonks
72%
House-elf Kreacher
71%
Eye Colour Hazel
69%
Fancast(s) Timothee Chalamet
69%
Fancast(s) Ben Barnes, Conan Gray, Charlie Oldman, Eren Güverein
68%
Hair Colour Blonde
67%
Eye Colour Black
63%
Love Interest(s) Rodolphus Lestrange, Rita Skeeter
62%
Uncle Alphard Black
60%
Fancast(s) Aaron Taylor-Johnson, Reiky De Valk, Nick Green
58%
Fancast(s) Dane Dehaan, Lewis Capaldi, Jeremy Dozier
44%
House-elf Winky
43%
Father Cygnus Black
38%
Father Cygnus Black
37%
Father Cygnus Black
37%
Best Friend(s) Mulciber, Avery
35%
Mother Druella Black
34%
Mother Druella Black
34%
Mother Druella Black
34%
Fancast(s) Elle Fanning, Amandla Stenberg
30%
Fancast(s) Sophie Skelton, Annelise Basso, Sadie Sink
29%
Fancast(s) Alicia Vikander, Sophie Thatcher, beabadoobee
28%
Fancast(s) Maxence Danet-Fauvel, David Tennant
25%
Mother Eileen Snape
23%
Fancast(s) Keira Knightley
20%
Father Tobias Snape
18%
Fancast(s) Sofia Bryant
17%
Fancast(s) Evan Peters, Casper von Bülow, Dominic Fike, Hugh Laughton Scott
15%
Fancast(s) Katie McGrath
10%
Fancast(s) Louis Garrel
9%
Fancast(s) Lauryn Hill, Lovie Simone, Filah Lah Lah
5%
Fancast(s) Sarah Gadon
5%
No matching quizzes found
Score Distribution
Percent of People with Each Score
Percentile by Number Answered
Your Score History
You have not taken this quiz